000 01210cam a2200313 i 4500
001 13226256
003 EG-ScBUE
005 20241031145555.0
008 030605t2003 nyua f b 001 0 eng d
020 _a0071416315
020 _a9780071416313
040 _aDLC
_beng
_erda
_cDLC
_dDLC
_dEG-ScBUE
082 0 4 _a516.24
_222
_bGIB
100 1 _aGibilisco, Stan,
_eauthor.
245 1 0 _aTrigonometry demystified /
_cStan Gibilisco.
264 1 _aNew York :
_bMcGraw-Hill,
_c[2003]
264 4 _cc2003
300 _axiii, 303 pages :
_billustrations ;
_c24 cm
336 _2rdacontent
_atext
_btxt
337 _aunmediated
_2rdamedia
_bn
338 _avolume
_bnc
_2rdacarrier
504 _aIncludes bibliographical references and index.
650 7 _aTrigonometry.
_2BUEsh
655 _vReading book
856 4 2 _3Contributor biographical information
_uhttp://www.loc.gov/catdir/bios/mh042/2003051119.html
856 4 1 _3Table of contents
_uhttp://www.loc.gov/catdir/toc/mh031/2003051119.html
942 _2ddc
_cBB
999 _c10447
_d10447